00372 a2200145 4500003000400000005001700004008004100021020001800062040000900080082001700089100001700106245006100123260002800184300001400212OSt20221031143735.0221031b ||||| |||| 00| 0 eng d a9788131532492 coclc a658.3bSNE/P1 aSnell, Scott aPrinciples of Human resource management /cScott A Snell bCengage learning,c2022 a807 pages